Zákon o verejnom obstarávaní

Bibliographic Details
Main Author: Vavríková, Andrea (aka)
Format: Article
Language:Slovak
ISSN:1335-0714
Subjects:

MARC

LEADER 00000nab a2200000 a 4500
001 vtls000831944
003 SK-MaSNL
005 20260302162221.0
008 180205c2003 xo 0 slo
015 |a SNBRB2003/04-11992 
035 |a CLN000183599 
040 |a SNKBUCL  |b slo  |c SNKBUCL  |e AACR2 
041 0 |a slo 
044 |a xo  |c SK 
080 |a 340.133:339.137.2  |2 UDC-MRF-SK2 
080 |a 339.137.2  |2 UDC-MRF-SK2 
100 1 |a Vavríková, Andrea  |4 aka  |9 12673 
245 1 0 |a Zákon o verejnom obstarávaní  |c autor komentára Andrea Vavríková 
650 0 7 |a verejné obstarávanie  |2 SNKPH  |9 4221 
650 0 7 |a zákony  |2 SNKPH  |9 1156 
650 0 7 |a novelizácia zákonov  |2 SNK  |9 838597 
655 7 |a články z novín a časopisov  |2 SNK  |9 267496 
773 0 |x 1335-0714  |t Ekonomický a právny poradca podnikateľa  |g Č. 6-7 (2003), s. 4-61 
850 |a Slovenská národná knižnica v Martine 
852 |a SNK  |b KIS3GCP 
958 |a RBX 
999 |c 1379511  |d 1381441